NBA Top 100 All-Time: Field Goals Made - Statistics

General Stats
  • This quiz has been taken 511 times
    14 since last reset
  • The average score is 61 of 100
Answer Stats
# Player Field Goals % Correct
35 James Harden 8,661
100%
2 Kareem Abdul-Jabbar 15,837
100%
9 Kevin Durant 11,258
100%
7 Kobe Bryant 11,719
100%
1 LeBron James 15,961
100%
22 Russell Westbrook 9,786
100%
8 Shaquille O'Neal 11,330
100%
18 Tim Duncan 10,285
100%
4 Wilt Chamberlain 12,681
100%
31 Jerry West 9,016
92%
15 Kevin Garnett 10,505
92%
36 Larry Bird 8,598
92%
5 Michael Jordan 12,192
92%
87 Nikola Jokić 6,880
92%
39 Allen Iverson 8,467
83%
67 Bob Pettit 7,349
83%
46 Chris Paul 8,165
83%
64 Clifford Robinson 7,389
83%
66 David Robinson 7,365
83%
26 DeMar DeRozan 9,563
83%
10 Dirk Nowitzki 11,169
83%
80 Dwight Howard 7,051
83%
51 Giannis Antetokounmpo 7,898
83%
12 Hakeem Olajuwon 10,749
83%
77 Jeff Malone 7,099
83%
6 Julius Erving 11,818
83%
3 Karl Malone 13,528
83%
93 Kyrie Irving 6,787
83%
19 Moses Malone 10,277
83%
49 Pau Gasol 7,980
83%
34 Paul Pierce 8,668
83%
30 Stephen Curry 9,022
83%
54 Tony Parker 7,777
83%
20 Carmelo Anthony 10,119
75%
41 Charles Barkley 8,435
75%
72 Damian Lillard 7,266
75%
56 Eddie Johnson 7,727
75%
33 Elgin Baylor 8,693
75%
75 Isiah Thomas 7,194
75%
53 Joe Johnson 7,823
75%
27 Oscar Robertson 9,508
75%
23 Patrick Ewing 9,702
75%
T61 Scottie Pippen 7,420
75%
99 Tracy McGrady 6,709
75%
71 Anthony Davis 7,269
67%
T61 Bob McAdoo 7,420
67%
84 Brook Lopez 6,912
67%
40 Dwayne Wade 8,454
67%
14 John Havlicek 10,513
67%
91 Kevin McHale 6,830
67%
43 LaMarcus Aldridge 8,311
67%
37 Ray Allen 8,567
67%
44 Reggie Miller 8,241
67%
24 Rick Barry 9,695
67%
47 Walter Davis 8,118
67%
13 Alex English 10,659
58%
81 John Stockton 7,039
58%
25 Robert Parish 9,614
58%
52 Bernard King 7,830
50%
42 Clyde Drexler 8,335
50%
21 Dominique Wilkins 9,963
50%
11 Elvin Hayes 10,976
50%
32 Gary Payton 8,708
50%
17 George Gervin 10,368
50%
38 Hal Greer 8,504
50%
96 Jrue Holiday 6,754
50%
70 Shawn Marion 7,289
50%
29 Vince Carter 9,293
50%
45 Adrian Dantley 8,169
42%
55 Bob Lanier 7,761
42%
98 Chris Mullin 6,740
42%
88 James Worthy 6,878
42%
28 Artis Gilmore 9,403
33%
89 Chet Walker 6,876
33%
76 Chris Webber 7,192
33%
68 Dale Ellis 7,323
33%
16 Dan Issel 10,431
33%
82 Dave Bing 6,962
33%
85 Earl Monroe 6,906
33%
97 Jamal Crawford 6,752
33%
78 Kevin Willis 7,095
33%
74 Mark Aguirre 7,201
33%
69 Mitch Richmond 7,305
33%
58 Nikola Vučević 7,524
33%
48 Terry Cummings 8,045
33%
60 Gail Goodrich 7,431
25%
T94 Glen Rice 6,776
25%
63 Lou Hudson 7,392
25%
100 Michael Finley 6,696
25%
90 Otis Thorpe 6,872
25%
79 Reggie Theus 7,057
25%
86 Rolando Blackman 6,887
25%
T94 Spencer Haywood 6,776
25%
50 Walt Bellamy 7,914
25%
57 Antawn Jamison 7,679
17%
73 Calvin Murphy 7,247
17%
83 Jason Terry 6,914
17%
59 Zach Randolph 7,436
17%
92 Ron Boone 6,829
8%
65 Tom Chambers 7,378
8%
No matching quizzes found
Score Distribution
Percent of People with Each Score
Percentile by Number Answered
Your Score History
You have not taken this quiz since the last reset